000 00453nmm a2200157Ia 4500
008 251105s9999||||xx |||||||||||||||||und||
041 _aspa
100 _aToro Espinosa, Clemencia
245 0 _aInclemencias
264 _a[Bogotá, Colombia] :
_bFondo Editorial Remington,
_c2022
300 _a61 páginas
490 _aColección Liber
650 _aLatin American poetry
856 _uhttps://public.digitaliapublishing.com/a/127513
942 _cCF
999 _c98752
_d98752